<?xml version="1.0" encoding="UTF-8"?>
<record
    xmlns:xsi="http://www.w3.org/2001/XMLSchema-instance"
    xsi:schemaLocation="http://www.loc.gov/MARC21/slim http://www.loc.gov/standards/marcxml/schema/MARC21slim.xsd"
    xmlns="http://www.loc.gov/MARC21/slim">

  <leader>02753aam a2200481 i 4500</leader>
  <controlfield tag="001">887492</controlfield>
  <controlfield tag="003">CO-MdUADB</controlfield>
  <controlfield tag="005">20260506152731.0</controlfield>
  <controlfield tag="007">ta</controlfield>
  <controlfield tag="008">040826s2004    ck ||||gr||||   0   spa d</controlfield>
  <datafield tag="020" ind1=" " ind2=" ">
    <subfield code="a">9588173787</subfield>
    <subfield code="q">ISBN-10</subfield>
  </datafield>
  <datafield tag="020" ind1=" " ind2=" ">
    <subfield code="a">9789588173788</subfield>
    <subfield code="q">ISBN-13</subfield>
  </datafield>
  <datafield tag="035" ind1=" " ind2=" ">
    <subfield code="a">887492</subfield>
  </datafield>
  <datafield tag="035" ind1=" " ind2=" ">
    <subfield code="a">(OCoLC)320379279</subfield>
  </datafield>
  <datafield tag="040" ind1=" " ind2=" ">
    <subfield code="c">CO-MdUADB</subfield>
    <subfield code="a">CO-MdUADB</subfield>
    <subfield code="b">spa</subfield>
    <subfield code="e">rda</subfield>
  </datafield>
  <datafield tag="041" ind1="0" ind2=" ">
    <subfield code="a">spa</subfield>
  </datafield>
  <datafield tag="080" ind1=" " ind2=" ">
    <subfield code="a">P</subfield>
  </datafield>
  <datafield tag="080" ind1=" " ind2=" ">
    <subfield code="a">Q</subfield>
  </datafield>
  <datafield tag="080" ind1=" " ind2=" ">
    <subfield code="a">R/RV</subfield>
  </datafield>
  <datafield tag="080" ind1=" " ind2=" ">
    <subfield code="a">R</subfield>
  </datafield>
  <datafield tag="080" ind1=" " ind2=" ">
    <subfield code="a">G</subfield>
  </datafield>
  <datafield tag="080" ind1=" " ind2=" ">
    <subfield code="a">INV/metodol</subfield>
  </datafield>
  <datafield tag="080" ind1=" " ind2=" ">
    <subfield code="a">H</subfield>
  </datafield>
  <datafield tag="082" ind1=" " ind2="4">
    <subfield code="a">001</subfield>
  </datafield>
  <datafield tag="100" ind1="1" ind2=" ">
    <subfield code="a">Galeano Mar&#xED;n, Mar&#xED;a Eumelia</subfield>
    <subfield code="4">aut</subfield>
    <subfield code="0">(viaf)310548370</subfield>
    <subfield code="e">aut</subfield>
    <subfield code="9">260914</subfield>
  </datafield>
  <datafield tag="245" ind1="1" ind2="0">
    <subfield code="a">Dise&#xF1;o de proyectos en la investigaci&#xF3;n cualitativa /</subfield>
    <subfield code="c">Mar&#xED;a Eumelia Galeano Mar&#xED;n</subfield>
  </datafield>
  <datafield tag="250" ind1=" " ind2=" ">
    <subfield code="a">1.&#xAA; edici&#xF3;n,</subfield>
    <subfield code="b">8. reimpresi&#xF3;n</subfield>
  </datafield>
  <datafield tag="264" ind1=" " ind2="4">
    <subfield code="a">Medell&#xED;n :</subfield>
    <subfield code="b">Fondo Editorial Universidad EAFIT,</subfield>
    <subfield code="c">2004</subfield>
  </datafield>
  <datafield tag="300" ind1=" " ind2=" ">
    <subfield code="a">94 p&#xE1;ginas :</subfield>
    <subfield code="b">tablas</subfield>
  </datafield>
  <datafield tag="490" ind1="1" ind2=" ">
    <subfield code="a">Textos Acad&#xE9;micos</subfield>
  </datafield>
  <datafield tag="500" ind1=" " ind2=" ">
    <subfield code="a">GENERAL: La edici&#xF3;n del 2008 es la s&#xE9;ptima reimpresi&#xF3;n de la primera edici&#xF3;n del 2004.</subfield>
  </datafield>
  <datafield tag="505" ind1="2" ind2="0">
    <subfield code="t">Introducci&#xF3;n. -- </subfield>
    <subfield code="t">1. Enfoques cualitativos y cuantitativos de investigaci&#xF3;n. Dos maneras de conocer la realidad social. -- </subfield>
    <subfield code="t">2. El dise&#xF1;o en la investigaci&#xF3;n social cualitativa. -- </subfield>
    <subfield code="t">3. Modalidades de investigaci&#xF3;n social cualitativa. -- </subfield>
    <subfield code="t">4. Consideraciones &#xE9;ticas en la investigaci&#xF3;n social cualitativa. -- </subfield>
    <subfield code="t">Bibliograf&#xED;a.</subfield>
  </datafield>
  <datafield tag="520" ind1="3" ind2=" ">
    <subfield code="a">Este texto, escrito a partir de la experiencia y la docencia en investigaci&#xF3;n social, aborda las diferencias y relaciones entre los enfoques cualitativo y cuantitativo, considera que la realidad social comporta dimensiones subjetivas e indicadores susceptibles de cuantificar y plantea la construcci&#xF3;n de relaciones complementarias entre ambos enfoques que pongan en evidencia la complejidad y heterogeneidad de las situaciones sociales. Ofrece al investigador criterios, orientaciones y argumentos para construir su objeto de estudio, seleccionar las fuentes e informantes, categorizar, dise&#xF1;ar t&#xE9;cnicas de recolecci&#xF3;n, registro, sistematizaci&#xF3;n y an&#xE1;lisis de informaci&#xF3;n. Finalmente, en sus p&#xE1;ginas se reflexiona sobre las implicaciones &#xE9;ticas del trabajo intersubjetivo y sobre los dilemas que enfrenta el investigador social. (Tomado de la cubierta)</subfield>
  </datafield>
  <datafield tag="650" ind1=" " ind2="7">
    <subfield code="a">Investigaci&#xF3;n cualitativa</subfield>
    <subfield code="2">dcs</subfield>
    <subfield code="9">39166</subfield>
  </datafield>
  <datafield tag="650" ind1=" " ind2="7">
    <subfield code="a">Elaboraci&#xF3;n de proyectos</subfield>
    <subfield code="2">lemb</subfield>
    <subfield code="9">41882</subfield>
  </datafield>
  <datafield tag="650" ind1=" " ind2="7">
    <subfield code="a">T&#xE9;cnicas de investigaci&#xF3;n</subfield>
    <subfield code="2">dcs</subfield>
    <subfield code="9">22142</subfield>
  </datafield>
  <datafield tag="650" ind1=" " ind2="4">
    <subfield code="a">Investigaci&#xF3;n etnol&#xF3;gica</subfield>
    <subfield code="9">15328</subfield>
  </datafield>
  <datafield tag="650" ind1=" " ind2="7">
    <subfield code="a">Investigaci&#xF3;n cient&#xED;fica</subfield>
    <subfield code="9">164214</subfield>
    <subfield code="2">armarc</subfield>
    <subfield code="x">Metodolog&#xED;a</subfield>
  </datafield>
  <datafield tag="650" ind1=" " ind2=" ">
    <subfield code="a">Historias de vida</subfield>
    <subfield code="9">2409</subfield>
  </datafield>
  <datafield tag="650" ind1=" " ind2="7">
    <subfield code="a">Investigaci&#xF3;n social</subfield>
    <subfield code="2">lemb</subfield>
    <subfield code="9">2355</subfield>
  </datafield>
  <datafield tag="830" ind1=" " ind2="0">
    <subfield code="9">867348</subfield>
    <subfield code="a">Textos Acad&#xE9;micos (Fondo Editorial Universidad EAFIT)</subfield>
  </datafield>
  <datafield tag="942" ind1=" " ind2=" ">
    <subfield code="c">BOOK</subfield>
    <subfield code="2">ddc</subfield>
  </datafield>
  <datafield tag="999" ind1=" " ind2=" ">
    <subfield code="c">322139</subfield>
    <subfield code="d">322139</subfield>
  </datafield>
  <datafield tag="952" ind1=" " ind2=" ">
    <subfield code="0">0</subfield>
    <subfield code="1">0</subfield>
    <subfield code="4">0</subfield>
    <subfield code="7">0</subfield>
    <subfield code="8">GENERAL</subfield>
    <subfield code="a">BSP</subfield>
    <subfield code="b">BSP</subfield>
    <subfield code="d">2004-08-26</subfield>
    <subfield code="e">Material adquirido por donaci&#xF3;n</subfield>
    <subfield code="i">C835745</subfield>
    <subfield code="l">4</subfield>
    <subfield code="m">4</subfield>
    <subfield code="o">Q180.1 G3-04</subfield>
    <subfield code="p">90077</subfield>
    <subfield code="r">2024-05-08 00:00:00</subfield>
    <subfield code="s">2024-05-08</subfield>
    <subfield code="t">1</subfield>
    <subfield code="w">2023-04-25</subfield>
    <subfield code="y">BOOK</subfield>
  </datafield>
  <datafield tag="952" ind1=" " ind2=" ">
    <subfield code="0">0</subfield>
    <subfield code="1">0</subfield>
    <subfield code="4">0</subfield>
    <subfield code="7">0</subfield>
    <subfield code="8">GENERAL</subfield>
    <subfield code="a">BSP</subfield>
    <subfield code="b">BSP</subfield>
    <subfield code="d">2014-10-28</subfield>
    <subfield code="e">Universidad Eafit</subfield>
    <subfield code="g">20000.00</subfield>
    <subfield code="i">C1215623</subfield>
    <subfield code="l">2</subfield>
    <subfield code="o">Q180.1 G3-04 e4</subfield>
    <subfield code="p">01003011</subfield>
    <subfield code="r">2026-04-17 15:37:49</subfield>
    <subfield code="s">2026-03-06</subfield>
    <subfield code="t">2</subfield>
    <subfield code="w">2023-04-25</subfield>
    <subfield code="y">BOOK</subfield>
  </datafield>
  <datafield tag="952" ind1=" " ind2=" ">
    <subfield code="0">0</subfield>
    <subfield code="1">0</subfield>
    <subfield code="4">0</subfield>
    <subfield code="7">0</subfield>
    <subfield code="8">GENERAL</subfield>
    <subfield code="a">BE</subfield>
    <subfield code="b">BE</subfield>
    <subfield code="d">2014-05-27</subfield>
    <subfield code="e">Cooprudea</subfield>
    <subfield code="g">20000.00</subfield>
    <subfield code="i">C1204767</subfield>
    <subfield code="l">0</subfield>
    <subfield code="o">Q180 G3-04 e3</subfield>
    <subfield code="p">0993170</subfield>
    <subfield code="r">2023-04-25 00:00:00</subfield>
    <subfield code="t">4</subfield>
    <subfield code="w">2023-04-25</subfield>
    <subfield code="y">BOOKR</subfield>
  </datafield>
  <datafield tag="952" ind1=" " ind2=" ">
    <subfield code="0">0</subfield>
    <subfield code="1">0</subfield>
    <subfield code="4">0</subfield>
    <subfield code="7">0</subfield>
    <subfield code="8">GENERAL</subfield>
    <subfield code="a">BE</subfield>
    <subfield code="b">BE</subfield>
    <subfield code="d">2013-10-31</subfield>
    <subfield code="e">Universidad Eafit</subfield>
    <subfield code="g">20000.00</subfield>
    <subfield code="i">C1190890</subfield>
    <subfield code="l">1</subfield>
    <subfield code="o">Q180 G3-04 e2</subfield>
    <subfield code="p">0987434</subfield>
    <subfield code="r">2023-10-24 00:00:00</subfield>
    <subfield code="s">2023-10-12</subfield>
    <subfield code="t">5</subfield>
    <subfield code="w">2023-04-25</subfield>
    <subfield code="y">BOOK</subfield>
  </datafield>
  <datafield tag="952" ind1=" " ind2=" ">
    <subfield code="0">0</subfield>
    <subfield code="1">0</subfield>
    <subfield code="4">0</subfield>
    <subfield code="7">0</subfield>
    <subfield code="8">GENERAL</subfield>
    <subfield code="a">EDUFI</subfield>
    <subfield code="b">EDUFI</subfield>
    <subfield code="d">2012-10-03</subfield>
    <subfield code="e">Material adquirido por donaci&#xF3;n</subfield>
    <subfield code="i">C1158406</subfield>
    <subfield code="l">2</subfield>
    <subfield code="o">H62 G3d e2</subfield>
    <subfield code="p">83950</subfield>
    <subfield code="r">2024-08-30 00:00:00</subfield>
    <subfield code="s">2024-08-09</subfield>
    <subfield code="t">6</subfield>
    <subfield code="w">2023-04-25</subfield>
    <subfield code="y">BOOK</subfield>
  </datafield>
  <datafield tag="952" ind1=" " ind2=" ">
    <subfield code="0">0</subfield>
    <subfield code="1">0</subfield>
    <subfield code="4">0</subfield>
    <subfield code="7">0</subfield>
    <subfield code="8">GEN</subfield>
    <subfield code="a">BC</subfield>
    <subfield code="b">BC</subfield>
    <subfield code="d">2012-05-28</subfield>
    <subfield code="e">Material pagado por otro t&#xED;tulo</subfield>
    <subfield code="g">17000.00</subfield>
    <subfield code="i">C1145417</subfield>
    <subfield code="l">0</subfield>
    <subfield code="o">001.43 G152d e2</subfield>
    <subfield code="p">0758906</subfield>
    <subfield code="r">2023-04-25 00:00:00</subfield>
    <subfield code="t">7</subfield>
    <subfield code="w">2023-04-25</subfield>
    <subfield code="y">BOOK</subfield>
  </datafield>
  <datafield tag="952" ind1=" " ind2=" ">
    <subfield code="0">0</subfield>
    <subfield code="1">0</subfield>
    <subfield code="4">0</subfield>
    <subfield code="7">0</subfield>
    <subfield code="8">RESERVA</subfield>
    <subfield code="a">CISH</subfield>
    <subfield code="b">CISH</subfield>
    <subfield code="d">2006-08-23</subfield>
    <subfield code="i">C916978</subfield>
    <subfield code="l">0</subfield>
    <subfield code="o">R/RV-05196</subfield>
    <subfield code="p">0618791</subfield>
    <subfield code="r">2023-04-25 00:00:00</subfield>
    <subfield code="t">8</subfield>
    <subfield code="w">2023-04-25</subfield>
    <subfield code="y">BOOKR</subfield>
  </datafield>
  <datafield tag="952" ind1=" " ind2=" ">
    <subfield code="0">0</subfield>
    <subfield code="1">0</subfield>
    <subfield code="2">ddc</subfield>
    <subfield code="4">0</subfield>
    <subfield code="7">0</subfield>
    <subfield code="8">GENERAL</subfield>
    <subfield code="a">BSP</subfield>
    <subfield code="b">BSP</subfield>
    <subfield code="d">2012-04-20</subfield>
    <subfield code="e">Universidad Eafit</subfield>
    <subfield code="g">20000.00</subfield>
    <subfield code="i">C1142507</subfield>
    <subfield code="l">0</subfield>
    <subfield code="o">Q180.1 G3-04 e2</subfield>
    <subfield code="p">82931</subfield>
    <subfield code="r">2023-04-25 00:00:00</subfield>
    <subfield code="t">9</subfield>
    <subfield code="w">2023-04-25</subfield>
    <subfield code="y">BOOK</subfield>
  </datafield>
  <datafield tag="952" ind1=" " ind2=" ">
    <subfield code="0">0</subfield>
    <subfield code="1">0</subfield>
    <subfield code="4">0</subfield>
    <subfield code="7">0</subfield>
    <subfield code="8">GENERAL</subfield>
    <subfield code="a">BO</subfield>
    <subfield code="b">BO</subfield>
    <subfield code="d">2011-08-24</subfield>
    <subfield code="e">Universidad EAFIT</subfield>
    <subfield code="g">20000.00</subfield>
    <subfield code="i">C1124169</subfield>
    <subfield code="l">0</subfield>
    <subfield code="o">H62 G3-04 e3</subfield>
    <subfield code="p">800787</subfield>
    <subfield code="r">2025-01-22 00:00:00</subfield>
    <subfield code="t">10</subfield>
    <subfield code="w">2023-04-25</subfield>
    <subfield code="y">BOOK</subfield>
  </datafield>
  <datafield tag="952" ind1=" " ind2=" ">
    <subfield code="0">0</subfield>
    <subfield code="1">0</subfield>
    <subfield code="4">0</subfield>
    <subfield code="7">0</subfield>
    <subfield code="8">GENERAL</subfield>
    <subfield code="a">EDUFI</subfield>
    <subfield code="b">EDUFI</subfield>
    <subfield code="d">2010-05-11</subfield>
    <subfield code="e">Material adquirido por donaci&#xF3;n</subfield>
    <subfield code="i">C1086665</subfield>
    <subfield code="l">0</subfield>
    <subfield code="o">H62 G3d</subfield>
    <subfield code="p">0745882</subfield>
    <subfield code="r">2023-04-25 00:00:00</subfield>
    <subfield code="t">11</subfield>
    <subfield code="w">2023-04-25</subfield>
    <subfield code="y">BOOK</subfield>
  </datafield>
  <datafield tag="952" ind1=" " ind2=" ">
    <subfield code="0">0</subfield>
    <subfield code="1">0</subfield>
    <subfield code="4">0</subfield>
    <subfield code="7">0</subfield>
    <subfield code="8">GENERAL</subfield>
    <subfield code="a">BO</subfield>
    <subfield code="b">BO</subfield>
    <subfield code="d">2011-08-24</subfield>
    <subfield code="e">Universidad EAFIT</subfield>
    <subfield code="g">20000.00</subfield>
    <subfield code="i">C1124170</subfield>
    <subfield code="l">0</subfield>
    <subfield code="o">H62 G3-04 e2</subfield>
    <subfield code="p">800788</subfield>
    <subfield code="r">2025-01-22 00:00:00</subfield>
    <subfield code="t">12</subfield>
    <subfield code="w">2023-04-25</subfield>
    <subfield code="y">BOOK</subfield>
  </datafield>
  <datafield tag="952" ind1=" " ind2=" ">
    <subfield code="0">0</subfield>
    <subfield code="1">0</subfield>
    <subfield code="4">0</subfield>
    <subfield code="7">0</subfield>
    <subfield code="8">GENERAL</subfield>
    <subfield code="a">INER</subfield>
    <subfield code="b">INER</subfield>
    <subfield code="d">2008-04-21</subfield>
    <subfield code="i">C996719</subfield>
    <subfield code="l">1</subfield>
    <subfield code="o">G/3190 e.1</subfield>
    <subfield code="p">0639446</subfield>
    <subfield code="q">2026-06-04</subfield>
    <subfield code="r">2026-04-17 14:43:10</subfield>
    <subfield code="s">2026-04-17</subfield>
    <subfield code="t">13</subfield>
    <subfield code="w">2023-04-25</subfield>
    <subfield code="y">BOOK</subfield>
  </datafield>
  <datafield tag="952" ind1=" " ind2=" ">
    <subfield code="0">0</subfield>
    <subfield code="1">0</subfield>
    <subfield code="4">0</subfield>
    <subfield code="7">0</subfield>
    <subfield code="8">GENERAL</subfield>
    <subfield code="a">BO</subfield>
    <subfield code="b">BO</subfield>
    <subfield code="d">2011-08-24</subfield>
    <subfield code="e">Universidad EAFIT</subfield>
    <subfield code="g">20000.00</subfield>
    <subfield code="i">C1124172</subfield>
    <subfield code="l">0</subfield>
    <subfield code="o">H62 G3-04</subfield>
    <subfield code="p">800789</subfield>
    <subfield code="r">2025-01-22 00:00:00</subfield>
    <subfield code="t">14</subfield>
    <subfield code="w">2023-04-25</subfield>
    <subfield code="y">BOOKR</subfield>
  </datafield>
  <datafield tag="952" ind1=" " ind2=" ">
    <subfield code="0">0</subfield>
    <subfield code="1">0</subfield>
    <subfield code="4">0</subfield>
    <subfield code="7">0</subfield>
    <subfield code="8">VALMUSICAL</subfield>
    <subfield code="a">FDMR</subfield>
    <subfield code="b">FDMR</subfield>
    <subfield code="d">2009-01-28</subfield>
    <subfield code="i">C1030214</subfield>
    <subfield code="l">1</subfield>
    <subfield code="o">INV/metodol/0006</subfield>
    <subfield code="p">0675938</subfield>
    <subfield code="q">2026-06-19</subfield>
    <subfield code="r">2026-04-30 15:44:05</subfield>
    <subfield code="s">2026-04-30</subfield>
    <subfield code="t">15</subfield>
    <subfield code="w">2023-04-25</subfield>
    <subfield code="y">BOOK</subfield>
  </datafield>
  <datafield tag="952" ind1=" " ind2=" ">
    <subfield code="0">0</subfield>
    <subfield code="1">0</subfield>
    <subfield code="2">ddc</subfield>
    <subfield code="4">0</subfield>
    <subfield code="7">0</subfield>
    <subfield code="8">GENERAL</subfield>
    <subfield code="a">CARME</subfield>
    <subfield code="b">CARME</subfield>
    <subfield code="d">2007-11-28</subfield>
    <subfield code="e">Material adquirido por donaci&#xF3;n</subfield>
    <subfield code="f">DONA</subfield>
    <subfield code="g">10000.00</subfield>
    <subfield code="l">0</subfield>
    <subfield code="o">001.43 G152d</subfield>
    <subfield code="p">01115589</subfield>
    <subfield code="r">2023-04-25 00:00:00</subfield>
    <subfield code="w">2023-04-25</subfield>
    <subfield code="y">BOOK</subfield>
  </datafield>
  <datafield tag="952" ind1=" " ind2=" ">
    <subfield code="0">0</subfield>
    <subfield code="1">0</subfield>
    <subfield code="4">0</subfield>
    <subfield code="7">0</subfield>
    <subfield code="8">GENERAL</subfield>
    <subfield code="a">BE</subfield>
    <subfield code="b">BE</subfield>
    <subfield code="d">2004-09-06</subfield>
    <subfield code="e">Material adquirido por donaci&#xF3;n</subfield>
    <subfield code="i">C837287</subfield>
    <subfield code="l">0</subfield>
    <subfield code="o">Q180 G3-04</subfield>
    <subfield code="p">61000001149638</subfield>
    <subfield code="r">2023-04-25 00:00:00</subfield>
    <subfield code="t">17</subfield>
    <subfield code="w">2023-04-25</subfield>
    <subfield code="y">BOOKR</subfield>
  </datafield>
  <datafield tag="952" ind1=" " ind2=" ">
    <subfield code="0">0</subfield>
    <subfield code="1">0</subfield>
    <subfield code="2">ddc</subfield>
    <subfield code="4">0</subfield>
    <subfield code="7">0</subfield>
    <subfield code="8">GEN</subfield>
    <subfield code="a">BC</subfield>
    <subfield code="b">BC</subfield>
    <subfield code="d">2004-10-01</subfield>
    <subfield code="e">Material adquirido por donaci&#xF3;n</subfield>
    <subfield code="i">C840988</subfield>
    <subfield code="l">6</subfield>
    <subfield code="m">1</subfield>
    <subfield code="o">001.43 G152d</subfield>
    <subfield code="p">0548488</subfield>
    <subfield code="q">2026-05-27</subfield>
    <subfield code="r">2026-04-24 15:06:00</subfield>
    <subfield code="s">2026-04-24</subfield>
    <subfield code="t">18</subfield>
    <subfield code="w">2023-04-25</subfield>
    <subfield code="y">BOOK</subfield>
  </datafield>
  <datafield tag="952" ind1=" " ind2=" ">
    <subfield code="0">0</subfield>
    <subfield code="1">0</subfield>
    <subfield code="2">ddc</subfield>
    <subfield code="4">0</subfield>
    <subfield code="7">0</subfield>
    <subfield code="8">GENERAL</subfield>
    <subfield code="a">SCDM</subfield>
    <subfield code="b">SCDM</subfield>
    <subfield code="d">2008-05-07</subfield>
    <subfield code="i">C1000774</subfield>
    <subfield code="l">0</subfield>
    <subfield code="o">001.43 G152d</subfield>
    <subfield code="p">01045996</subfield>
    <subfield code="r">2023-07-28 00:00:00</subfield>
    <subfield code="t">19</subfield>
    <subfield code="w">2023-04-25</subfield>
    <subfield code="y">BOOK</subfield>
  </datafield>
  <datafield tag="952" ind1=" " ind2=" ">
    <subfield code="0">0</subfield>
    <subfield code="1">0</subfield>
    <subfield code="4">0</subfield>
    <subfield code="7">0</subfield>
    <subfield code="8">GENERAL</subfield>
    <subfield code="a">IEP</subfield>
    <subfield code="b">BC</subfield>
    <subfield code="d">2005-08-03</subfield>
    <subfield code="e">Material adquirido por donaci&#xF3;n</subfield>
    <subfield code="i">C875576</subfield>
    <subfield code="l">2</subfield>
    <subfield code="o">P01727</subfield>
    <subfield code="p">0601827</subfield>
    <subfield code="r">2025-03-28 09:15:53</subfield>
    <subfield code="s">2025-03-20</subfield>
    <subfield code="t">20</subfield>
    <subfield code="w">2023-04-25</subfield>
    <subfield code="y">BOOK</subfield>
  </datafield>
  <datafield tag="952" ind1=" " ind2=" ">
    <subfield code="0">0</subfield>
    <subfield code="1">0</subfield>
    <subfield code="4">0</subfield>
    <subfield code="7">0</subfield>
    <subfield code="8">GENERAL</subfield>
    <subfield code="a">CISH</subfield>
    <subfield code="b">CISH</subfield>
    <subfield code="d">2006-08-23</subfield>
    <subfield code="i">C916979</subfield>
    <subfield code="l">1</subfield>
    <subfield code="o">R-05196 e2</subfield>
    <subfield code="p">0618792</subfield>
    <subfield code="r">2025-12-03 09:02:00</subfield>
    <subfield code="s">2025-10-21</subfield>
    <subfield code="t">21</subfield>
    <subfield code="w">2023-04-25</subfield>
    <subfield code="y">BOOK</subfield>
  </datafield>
  <datafield tag="952" ind1=" " ind2=" ">
    <subfield code="0">0</subfield>
    <subfield code="1">0</subfield>
    <subfield code="4">0</subfield>
    <subfield code="7">0</subfield>
    <subfield code="8">GENERAL</subfield>
    <subfield code="a">PTOBE</subfield>
    <subfield code="b">PTOBE</subfield>
    <subfield code="d">2008-02-27</subfield>
    <subfield code="e">CIS (Corporacion Interuniversitaria de Servicios)</subfield>
    <subfield code="g">17000.00</subfield>
    <subfield code="i">C990561</subfield>
    <subfield code="l">1</subfield>
    <subfield code="o">001.43 G152d</subfield>
    <subfield code="p">84614</subfield>
    <subfield code="r">2024-02-18 00:00:00</subfield>
    <subfield code="s">2023-09-25</subfield>
    <subfield code="t">22</subfield>
    <subfield code="w">2023-04-25</subfield>
    <subfield code="y">BOOK</subfield>
  </datafield>
  <datafield tag="952" ind1=" " ind2=" ">
    <subfield code="0">0</subfield>
    <subfield code="1">0</subfield>
    <subfield code="2">ddc</subfield>
    <subfield code="4">0</subfield>
    <subfield code="7">0</subfield>
    <subfield code="8">GENERAL</subfield>
    <subfield code="a">CARME</subfield>
    <subfield code="b">CARME</subfield>
    <subfield code="d">2008-06-10</subfield>
    <subfield code="e">CIS (Corporacion Interuniversitaria de Servicios)</subfield>
    <subfield code="f">COMP</subfield>
    <subfield code="g">17000.00</subfield>
    <subfield code="l">2</subfield>
    <subfield code="o">001.43 G152d e2</subfield>
    <subfield code="p">01115046</subfield>
    <subfield code="r">2023-12-07 00:00:00</subfield>
    <subfield code="s">2023-11-21</subfield>
    <subfield code="w">2023-04-25</subfield>
    <subfield code="y">BOOK</subfield>
  </datafield>
  <datafield tag="952" ind1=" " ind2=" ">
    <subfield code="0">0</subfield>
    <subfield code="1">0</subfield>
    <subfield code="4">0</subfield>
    <subfield code="7">0</subfield>
    <subfield code="8">GENERAL</subfield>
    <subfield code="a">CISH</subfield>
    <subfield code="b">CISH</subfield>
    <subfield code="d">2010-04-06</subfield>
    <subfield code="e">Cooprudea</subfield>
    <subfield code="g">20000.00</subfield>
    <subfield code="i">C1083496</subfield>
    <subfield code="l">2</subfield>
    <subfield code="m">2</subfield>
    <subfield code="o">R-05196 e3</subfield>
    <subfield code="p">0624374</subfield>
    <subfield code="r">2025-02-17 17:32:17</subfield>
    <subfield code="s">2025-01-28</subfield>
    <subfield code="t">24</subfield>
    <subfield code="w">2023-04-25</subfield>
    <subfield code="y">BOOK</subfield>
  </datafield>
  <datafield tag="952" ind1=" " ind2=" ">
    <subfield code="0">0</subfield>
    <subfield code="1">0</subfield>
    <subfield code="4">0</subfield>
    <subfield code="7">0</subfield>
    <subfield code="8">GENERAL</subfield>
    <subfield code="a">INER</subfield>
    <subfield code="b">INER</subfield>
    <subfield code="d">2011-05-18</subfield>
    <subfield code="i">C1117020</subfield>
    <subfield code="l">3</subfield>
    <subfield code="o">G/3190 e.2</subfield>
    <subfield code="p">0646389</subfield>
    <subfield code="r">2026-05-08 09:47:48</subfield>
    <subfield code="s">2026-03-16</subfield>
    <subfield code="t">25</subfield>
    <subfield code="w">2023-04-25</subfield>
    <subfield code="y">BOOK</subfield>
  </datafield>
  <datafield tag="952" ind1=" " ind2=" ">
    <subfield code="0">0</subfield>
    <subfield code="1">0</subfield>
    <subfield code="4">0</subfield>
    <subfield code="7">0</subfield>
    <subfield code="8">GENERAL</subfield>
    <subfield code="a">BSP</subfield>
    <subfield code="b">BSP</subfield>
    <subfield code="d">2016-12-19</subfield>
    <subfield code="e">Material adquirido por donaci&#xF3;n</subfield>
    <subfield code="i">C1256309</subfield>
    <subfield code="l">2</subfield>
    <subfield code="o">Q180.1 G3-04 e5</subfield>
    <subfield code="p">01007191</subfield>
    <subfield code="r">2026-04-07 12:29:51</subfield>
    <subfield code="s">2026-03-25</subfield>
    <subfield code="t">26</subfield>
    <subfield code="w">2023-04-25</subfield>
    <subfield code="y">BOOK</subfield>
  </datafield>
  <datafield tag="952" ind1=" " ind2=" ">
    <subfield code="0">0</subfield>
    <subfield code="1">0</subfield>
    <subfield code="4">0</subfield>
    <subfield code="7">0</subfield>
    <subfield code="8">GENERAL</subfield>
    <subfield code="a">BSP</subfield>
    <subfield code="b">BSP</subfield>
    <subfield code="d">2017-02-27</subfield>
    <subfield code="e">Material adquirido por donaci&#xF3;n</subfield>
    <subfield code="i">C1258884</subfield>
    <subfield code="l">3</subfield>
    <subfield code="o">Q180.1 G3-04 e6</subfield>
    <subfield code="p">01007180</subfield>
    <subfield code="r">2026-04-27 12:32:46</subfield>
    <subfield code="s">2026-03-13</subfield>
    <subfield code="t">27</subfield>
    <subfield code="w">2023-04-25</subfield>
    <subfield code="y">BOOK</subfield>
  </datafield>
  <datafield tag="952" ind1=" " ind2=" ">
    <subfield code="0">0</subfield>
    <subfield code="1">0</subfield>
    <subfield code="4">0</subfield>
    <subfield code="7">0</subfield>
    <subfield code="8">GENERAL</subfield>
    <subfield code="a">BSONS</subfield>
    <subfield code="b">BSONS</subfield>
    <subfield code="d">2018-09-03</subfield>
    <subfield code="e">Librer&#xED;a Universidad de Antioquia</subfield>
    <subfield code="g">14000.00</subfield>
    <subfield code="i">C1293709</subfield>
    <subfield code="l">0</subfield>
    <subfield code="o">001.43 G152d</subfield>
    <subfield code="p">01047410</subfield>
    <subfield code="r">2023-04-25 00:00:00</subfield>
    <subfield code="t">28</subfield>
    <subfield code="w">2023-04-25</subfield>
    <subfield code="y">BOOK</subfield>
  </datafield>
  <datafield tag="952" ind1=" " ind2=" ">
    <subfield code="0">0</subfield>
    <subfield code="1">0</subfield>
    <subfield code="2">ddc</subfield>
    <subfield code="4">0</subfield>
    <subfield code="7">0</subfield>
    <subfield code="8">GENERAL</subfield>
    <subfield code="a">BOCCI</subfield>
    <subfield code="b">BOCCI</subfield>
    <subfield code="d">2024-10-03</subfield>
    <subfield code="e">Material adquirido por donaci&#xF3;n</subfield>
    <subfield code="f">DONA</subfield>
    <subfield code="g">15000.00</subfield>
    <subfield code="l">0</subfield>
    <subfield code="o">001.43 G152d</subfield>
    <subfield code="p">01098771</subfield>
    <subfield code="r">2025-02-05 00:00:00</subfield>
    <subfield code="w">2024-10-03</subfield>
    <subfield code="y">BOOK</subfield>
  </datafield>
</record>
